Tam quốc diễn nghĩa liên hoàn hoạ : Truyện tranh Tập 55 : Vây hãm núi Thiết Lung
Tập "Vây hãm núi Thiết Lung" kể chuyện Khương Duy dụ tướng tiên phong Của Ngụy là Từ Chất đuổi theo xe lương vào núi rồi dùng hỏa công mà đánh, giết chết Chất. Sau đó, Khương Duy vây hãm Tư Mã Chiêu ở núi Thiết Lung. Qauasch Hoài ng...
Gespeichert in:
| 1. Verfasser: | |
|---|---|
| Weitere Verfasser: | , , , , , , |
| Format: | Buch |
| Sprache: | Vietnamese |
| Veröffentlicht: |
H.
Văn học
2016
|
| Ausgabe: | Tái bản lần thứ 1 |
| Schlagworte: | |
| Tags: |
Tag hinzufügen
Keine Tags, Fügen Sie den ersten Tag hinzu!
|
| Thư viện lưu trữ: | Thư viện Trường Đại học Nam Cần Thơ |
|---|
| LEADER | 01843nam a22003017a 4500 | ||
|---|---|---|---|
| 001 | NCT_4_021513 | ||
| 008 | 250526b xxu||||| |||| 00| 0 vie d | ||
| 999 | |c 9048 |d 9048 | ||
| 020 | |a 9786046975465 |c 11500 | ||
| 082 | 0 | 4 | |2 23rd ed. |a 895.1 |b Tr513/T.55 |
| 100 | 1 | |a La Quán Trung | |
| 245 | 1 | 0 | |a Tam quốc diễn nghĩa liên hoàn hoạ : |b Truyện tranh |n Tập 55 : |p Vây hãm núi Thiết Lung |c La Quán Trung (Nguyên tác) ; Điền Y (Lời) ; Phùng Mặc Nông,...[et al.] (Tranh) ; Trần Đình Chiến (Dịch) |
| 250 | |a Tái bản lần thứ 1 | ||
| 260 | |a H. |b Văn học |c 2016 | ||
| 300 | |a 116 tr. |b Văn học |c 16 x 12cm | ||
| 500 | |a Đông A biên chỉnh theo bản Tam quốc diễn nghĩa do Phan Kế Bính dịch, Bùi Kỷ hiệu đính, Nxb. Phổ thông, 1959-1960 | ||
| 520 | 3 | |a Tập "Vây hãm núi Thiết Lung" kể chuyện Khương Duy dụ tướng tiên phong Của Ngụy là Từ Chất đuổi theo xe lương vào núi rồi dùng hỏa công mà đánh, giết chết Chất. Sau đó, Khương Duy vây hãm Tư Mã Chiêu ở núi Thiết Lung. Qauasch Hoài nghe tin bèn khởi binh đến giải vây | |
| 653 | |a Tham khảo | ||
| 700 | 1 | |a Điền Y |e Lời | |
| 700 | 1 | |a Phùng Mặc Nông |e Tranh | |
| 700 | 1 | |a Từ Nhất Minh |e Tranh | |
| 700 | 1 | |a Đồ Toàn Phong |e Tranh | |
| 700 | 1 | |a Trương Bá Thành |e Tranh | |
| 700 | 1 | |a Chu Quang Ngọc |e Tranh | |
| 700 | 1 | |a Trần Đình Chiến |e Dịch | |
| 942 | |2 ddc |c BK | ||
| 952 | |0 0 |1 0 |2 ddc |4 0 |6 895_100000000000000_TR513_T_55 |7 0 |9 30856 |a 000001 |b 000001 |d 2025-05-26 |o 895.1 Tr513/T.55 |p TK.05550 |r 2025-05-26 |v 11500.00 |w 2025-05-26 |y BK | ||
| 980 | |a Thư viện Trường Đại học Nam Cần Thơ | ||


